Villes aléatoires sur une carte par lettre - C - Statistiques

Statistiques générales
  • Ce quiz a été pris 1 184 fois
  • Le résultat moyen est 5 sur 10
Réponses sur la Carte
Les réponses sont colorées sur une échelle allant du rouge au vert en fonction du pourcentage des utilisateurs qui les ont devinées à leur premier essai. Vous pouvez retrouver ces pourcentages ci-dessous.
 
Statistiques - réponses
Ville % Correct
Chicago
88%
Casablanca
87%
Copenhague
86%
Canberra
82%
Caracas
76%
Cardiff
68%
Cologne
68%
Cayenne
67%
Cancún
64%
Calgary
55%
Colombo
53%
Conakry
53%
Chișinău
50%
Charlotte
43%
Cali
36%
Chennai
29%
Christchurch
29%
Cleveland
27%
Córdoba
22%
Chengdu
19%
Chongqing
19%
Cebu
15%
Chittagong
11%
Cairns
10%
Aucun quiz correspondant
Distribution des résultats
% des personnes avec chaque résultat
Percentile par nombre de réponses
Votre historique - résultats
Vous n’avez pas pris ce quiz